Historia del teatro en España / (Record no. 112167)

MARC details
000 -LEADER
campo de control de longitud fija 01031nam a2200289 4500
001 - NÚMERO DE CONTROL
campo de control 112167
003 - IDENTIFICADOR DE NÚMERO DE CONTROL
campo de control ES-MaACL
005 - FECHA Y HORA DE LA ÚLTIMA TRANSACCIÓN
campo de control 20230906185446.0
007 - CAMPO FIJO DE DESCRIPCIÓN FÍSICA--INFORMACIÓN GENERAL
campo de control de longitud fija t|
008 - DATOS DE LONGITUD FIJA--INFORMACIÓN GENERAL
campo de control de longitud fija 061121s1965 sp ||||1| spa d
080 ## - NÚMERO DE LA CLASIFICACIÓN DECIMAL UNIVERSAL
Número de la Clasificación Decimal Universal 792(460)(091)
080 ## - NÚMERO DE LA CLASIFICACIÓN DECIMAL UNIVERSAL
Número de la Clasificación Decimal Universal 821.134.2-2.09
100 1# - ENTRADA PRINCIPAL--NOMBRE DE PERSONA
Nombre de persona Muñoz, Matilde.
9 (RLIN) 84332
245 10 - MENCIÓN DEL TÍTULO
Título Historia del teatro en España /
Mención de responsabilidad, etc. Matilde Muñoz ; (puesta al día con un apéndice de Álvaro Retana).
260 ## - PUBLICACIÓN, DISTRIBUCIÓN, ETC.
Lugar de publicación, distribución, etc. Madrid :
Nombre del editor, distribuidor, etc. Tesoro,
Fecha de publicación, distribución, etc. 1965.
300 ## - DESCRIPCIÓN FÍSICA
Extensión 3 v. ;
Dimensiones 19 cm.
490 1# - MENCIÓN DE SERIE
Mención de serie Jirafa ;
Designación de volumen o secuencia 50-52
505 8# - NOTA DE CONTENIDO CON FORMATO
Nota de contenido con formato Contiene: I. El drama y la comedia (310 p.) - II. La ópera y el Teatro Real (262 p.) - III. La zarzuela y el género chico (328 p.)
610 2# - PUNTO DE ACCESO ADICIONAL DE MATERIA--NOMBRE DE ENTIDAD CORPORATIVA
Nombre de entidad corporativa o nombre de jurisdicción como elemento de entrada Teatro Real (Madrid)-
Subdivisión de forma Historia.
9 (RLIN) 6927
650 #4 - PUNTO DE ACCESO ADICIONAL DE MATERIA--TÉRMINO DE MATERIA
Término de materia o nombre geográfico como elemento de entrada Teatro español-
Subdivisión general Historia y crítica.
9 (RLIN) 136908
650 #4 - PUNTO DE ACCESO ADICIONAL DE MATERIA--TÉRMINO DE MATERIA
Término de materia o nombre geográfico como elemento de entrada Teatro-
Subdivisión geográfica España-
Subdivisión general Historia.
9 (RLIN) 17302
650 #4 - PUNTO DE ACCESO ADICIONAL DE MATERIA--TÉRMINO DE MATERIA
Término de materia o nombre geográfico como elemento de entrada Ópera-
Subdivisión geográfica España.
9 (RLIN) 15709
700 1# - ENTRADA AGREGADA--NOMBRE PERSONAL
Nombre de persona Retana, Álvaro.
9 (RLIN) 96352
830 1# - PUNTO DE ACCESO ADICIONAL DE SERIE-TÍTULO UNIFORME
Título uniforme Jirafa ;
Designación de volumen o secuencia 50-52
9 (RLIN) 186964
852 ## - LOCALIZACIÓN
Ubicación ES-MaACL
Número de control de estantería C-28223-25
Holdings
Estatus retirado Estado de pérdida Estado de daño No para préstamo Biblioteca de origen Biblioteca actual Ubicación en estantería Fecha de adquisición Fuente de adquisición Total de préstamos Signatura topográfica completa Código de barras Visto por última vez Precio de reemplazo Tipo de ítem Koha
        Biblioteca del Ateneo de Madrid Biblioteca del Ateneo de Madrid Depósito 2 17/01/2008     C-28223-25 1117006 23/02/2023 23/02/2023 Libro impreso